Stationen der S47 (Berlin) - Statistiken

Allgemein
  • Dieses Quiz wurde 4 mal gespielt
  • Das Durchschnittsergebnis liegt bei 5 aus 7
Antwortstatistiken
Umstiegsmöglichkeiten Stationen % Korrekt
S41, S42, S45, S47, U7 Neukölln
100%
S45, S47, S8, S85, S9 Baumschulenweg
67%
S41, S42, S45, S47, U8 Hermannstraße
67%
S45, S47 Köllnische Heide
67%
S45, S47, S8, S85, S9, Tram Schöneweide
67%
Tram Spindlersfeld
67%
Oberspree
33%
Keine übereinstimmenden Quizze gefunden
Verteilung der Resultate
Anzahl Personen mit jedem Resultat
Perzentil nach korrekt beantworteten Fragen
Ihre Resultats-Entwicklung
Sie haben dieses Quiz noch nicht gespielt